| 000 | 00809ngm a22002890a 4500 | ||
|---|---|---|---|
| 001 | PT48212 | ||
| 003 | AR-LpoUNG | ||
| 005 | 20210201232348.0 | ||
| 007 | co ||u|||uuuuu | ||
| 008 | 191001s2010||||xxu|||||||||||||||||eng d | ||
| 020 |
_a9783540682745 _c$8,50 |
||
| 040 |
_aAR-LpoUNG _bspa _cAR-LpoUNG _eaacr |
||
| 041 | _aeng | ||
| 044 | _axxu | ||
| 082 | 0 | _a511.33 95yea | |
| 100 | 1 |
_aJünger, Michael _eed. |
|
| 245 | 1 | 0 |
_a50 years of integer programming 1958-2008 : _bfrom the early years to the State-of the-Art |
| 260 |
_aNew York : _bSpringer-Verlag, _c2010. |
||
| 650 | 4 | _aMATEMATICAS | |
| 650 | 4 | _aPROGRAMACION | |
| 650 | 4 | _aPROGRAMACION DE COMPUTADORAS | |
| 651 | 4 | _aDOCUMENTOS TEORICOS O METODOLOGICOS | |
| 653 | _aALGORITMOS | ||
| 653 | _aGEOMETRIA | ||
| 905 | _a48212 | ||
| 942 | _cCDDVD | ||
| 999 |
_c53482 _d53482 |
||